| 000 | 00471cam a2200133 4500 | ||
|---|---|---|---|
| 001 | 3920 | ||
| 010 | _a 61018103 | ||
| 100 | 0 |
_aDante Alighieri, _d1265-1321. |
|
| 245 | 1 | 4 |
_aThe Purgatorio: _ba verse translation for the modern reader / _cJohn Ciardi; introduction by Archibald T. MacAllister. |
| 260 |
_a[New York] : _bNew American Library, _c[1961] |
||
| 300 |
_axxix, 350 p. : _c19 cm. |
||
| 650 |
_aPurgatory --Poetry. _v _x _y _z _2 |
||
| 700 | 1 |
_aCiardi, John, _d1916-1986, _etrans. |
|
| 999 |
_c3199 _d3199 |
||